| 000 | 00705nam a2200241 u 4500 | ||
|---|---|---|---|
| 005 | 20240806063825.0 | ||
| 008 | 180919s2006 cl r 000 0 spa d | ||
| 020 | _a9789583018411 | ||
| 035 | _aUPN01000226739 | ||
| 049 | _aI | ||
| 050 | 4 |
_aGA105.6 _bR6.5 |
|
| 100 | 1 |
_aRobson, Pam _942872 |
|
| 245 | 1 | 1 |
_aMapas y planos / _cPam Robson ; tr. Diana Esperanza Gómez |
| 260 |
_aBogotá : _bPanamericana, _c2006. |
||
| 300 |
_a32 p. : _bil. col. |
||
| 440 | 0 | _aJóvenes científicos | |
| 534 |
_pTítulo original: _tMaps and plans |
||
| 650 | 4 |
_aCARTOGRAFIA - _xESTUDIO Y ENSEÑANZA _98503 |
|
| 650 | 2 |
_aMapas _95255 |
|
| 650 | 4 |
_aLiteratura juvenil _95153 |
|
| 905 | _aInfantil | ||
| 999 |
_c198835 _d198835 |
||